| 000 | 00936nam a2200289 a 4500 | ||
|---|---|---|---|
| 001 | 000024602 | ||
| 003 | DO-SdBNP | ||
| 005 | 20250701130238.0 | ||
| 008 | 110201s2002 sp a 000 0 spa d | ||
| 020 | _a8474326265 | ||
| 040 |
_aDO-SdBNP _bspa _cBNPHU |
||
| 082 | 4 |
_a 778.59 _bM652c _222 |
|
| 100 | 1 |
_aMillerson, Gerald, _950447 |
|
| 240 | 1 | 0 |
_aVideo camara techniques _lEspañol |
| 245 | 1 | 0 |
_aCómo utilizar la cámara de vídeo / _cGerald Millerson ; traducción José A. Álvarez. |
| 246 | 1 | 0 | _aVideo Camera Techniques |
| 260 |
_aBarcelona : _bGedisa, _c2002. |
||
| 300 |
_a190 p. : _bil. ; _c22 cm. |
||
| 490 | 1 |
_aMultimedia _avídeo _v12 |
|
| 500 | _aContiene glosario: p. 171-190 | ||
| 500 | _aReimpresión 2002 | ||
| 650 | 4 |
_aCámaras de televisión _950448 |
|
| 650 | 0 |
_aCinematografía _928400 |
|
| 700 | 1 |
_aÁlvarez, José A. _etradutor _926092 _4tr. |
|
| 830 | 0 |
_aMultimedia _pvídeo _n12 _950450 |
|
| 942 |
_2ddc _cLBS1 |
||
| 999 |
_c24095 _d24095 |
||